000 00378nam a22001457a 4500
003 OSt
005 20160727222355.0
008 160622b xxu||||| |||| 00| 0 eng d
040 _cTEST
100 _9507
_aBloch, B
245 _aOutlines of Linguistics Ananlysis
260 _aN.D
_bOriginal Book Reprint Co.
_c1972
300 _aOutlines of Linguistics Ananlysis
942 _2ddc
_cBK
999 _c420
_d420